| 000 | 02567 a2200241 4500 | ||
|---|---|---|---|
| 001 | 45151 | ||
| 005 | 20260407155726.0 | ||
| 008 | 260407a2017 arg spa d | ||
| 003 | AR-UNSa-BCEJYS | ||
| 040 |
_aAR-UNSa-BCEJYS _bspa _cAR-UNSa-BCEJYS |
||
| 080 |
_a342.7-055.2 _xDerechos de las Mujeres |
||
| 245 | 1 | 0 |
_a¿Quién cuida en la ciudad? _paportes para políticas urbanas de igualdad |
| 020 | _a978-92-1-121970-8 | ||
| 264 | 1 |
_aSantiago de Chile : _bCEPAL (Comisión Económica para América Latina y el Caribe) _c2017 |
|
| 300 |
_a470 p. _c22 cm. |
||
| 505 | _aParte 1. Habitar la ciudad con igualdad de género -- Capítulo I. ¿Cómo vivimos la ciudad? Hacia un nuevo paradigma urbano para la igualdad de género / Olga Segovia, María Nieves Rico -- Capítulo II. Urbanización e igualdad: dos dimensiones clave para el desarrollo sostenible de América Latina / Antonio Prado, Vera Kiss .-- Capítulo III. Ciudades que cuidan / María Ángeles Durán .-- Capítulo IV. La distribución del tiempo en el análisis de las desigualdades en las ciudades de América Latina / Lucía Scuro, Iliana Vaca-Trigo --- Parte 2. Autonomía económica de las mujeres y cuidado en ciudades latinoamericanas .-- Capítulo V. ¿Quién cuida en la Ciudad de México?, México / Lucía Pérez Fragoso .-- Capitulo VI. Cuidado para la gestión: Nueva Cultura Laboral con perspectiva de género en la Ciudad de México / Amalia García Medina .-- Capítulo VII. ¿Quién cuida en Montevideo?, Uruguay / Karina Batthyány .-- Capítulo VIII. ¿Quién cuida en Santiago?, Chile / Olga Segovia .-- Capítulo IX. ¿Quién cuida en Bogotá?, Colombia / Marisol Dalmazzo Peillard .-- Capítulo X. ¿Quién cuida en San Salvador?, El Salvador / Morena Herrera .-- Capítulo XI. ¿Quién cuida en Cuenca?, Ecuador / Verónica Aranda .-- Capítulo XII. ¿Quién cuida en Rosario?, Argentina / Ana Falú --- Parte 3. Desafíos para la vida cotidiana: movilidad urbana y uso del tiempo .-- Capítulo XIII. Planifcación urbana y del transporte a partir de relaciones de interdependencia y movilidad del cuidado / Paola Jirón .-- Capítulo XIV. Movilidades invisibles: recorridos escolares en la región metropolitana de Buenos Aires / Laura Pautassi .-- Capítulo XV. Hacia ciudades cuidadoras / María Nieves Rico, Olga Segovia. | ||
| 041 | _aspa | ||
| 942 | _cBK | ||
| 590 | _aniveau_biblio:m niveau_hierar:0 | ||
| 100 | 1 | _aSegovia, Olga | |
| 700 | 1 | _aNieves Rico, María | |
| 856 | 4 | 1 |
_uhttps://www.biblioeco.unsa.edu.ar/pmb/images/libros/L127081.jpg _yImagen de portada _qimage/jpeg |
| 999 |
_c3915 _d3915 |
||